000 00302nam a2200121 i 4500
001 bg
245 0 _aModerne Analysenmethoden in der Metallurgie und metaliverarbeitenden...
260 _aLeipzig,
_c1979.
040 _cBPK
041 _apol
942 _cKS
008 s pl f |000 0 pol
999 _c21174
_d21174
856 _uhttp://koha.tu.koszalin.pl/cgi-bin/koha/opac-detail.pl?biblionumber=21174
_yKatalog online BPK